Природа полей. Взгляд с позиций классической физики и опыта

Dettagli Bibliografici
Autore principale: Лучин А. А. Анатолий Андреевич
Altri autori: Шапиро А. Л. Александр Львович
Riassunto:Настоящая книга посвящена изучению природы физических полей на материалистической основе производственного и исследовательского опыта. Выкладки Эйнштейна и его последователей — опора «теоретических изысков» современных релятивистов — отвергаются авторами как неподкрепленные опытом результаты. Показывается, как исследование природы магнитных, электрических и электромагнитных полей открывает широчайший простор для небывалых технологий и явлений. Изложение книги доступно, а ее содержание полезно инженерам, ученым, студентам старших курсов технических вузов, специалистам, работающим в области физики, радиоэлектроники, электротехники и т. д. Книга также представляет интерес для изобретателей и популяризаторов науки и техники.
Lingua:russo
Pubblicazione: Москва, КомКнига, 2010
Serie:Relata Refero
Soggetti:
Natura: Libro
KOHA link:https://koha.lib.tpu.ru/cgi-bin/koha/opac-detail.pl?biblionumber=177672

MARC

LEADER 00000nam0a2200000 4500
001 177672
005 20231101223341.0
010 |a 9785484012183 
035 |a (RuTPU)RU\TPU\book\192640 
090 |a 177672 
100 |a 20100323d2010 km y0rusy50 ca 
101 0 |a rus 
102 |a RU 
105 |a a z 001zy 
200 1 |a Природа полей. Взгляд с позиций классической физики и опыта  |f А. А. Лучин, А. Л. Шапиро 
210 |a Москва  |c КомКнига  |d 2010 
215 |a 120 с.  |c ил. 
225 1 |a Relata Refero 
320 |a Библиогр.: с. 119-120. 
330 |a Настоящая книга посвящена изучению природы физических полей на материалистической основе производственного и исследовательского опыта. Выкладки Эйнштейна и его последователей — опора «теоретических изысков» современных релятивистов — отвергаются авторами как неподкрепленные опытом результаты. Показывается, как исследование природы магнитных, электрических и электромагнитных полей открывает широчайший простор для небывалых технологий и явлений. Изложение книги доступно, а ее содержание полезно инженерам, ученым, студентам старших курсов технических вузов, специалистам, работающим в области физики, радиоэлектроники, электротехники и т. д. Книга также представляет интерес для изобретателей и популяризаторов науки и техники. 
606 1 |a Поле, теория  |x (физика)  |2 stltpush  |3 (RuTPU)RU\TPU\subj\50048  |9 68808 
610 1 |a магнитные поля 
610 1 |a рентгеновские поля 
610 1 |a рентгеновские поля 
610 1 |a электромагнитные поля 
610 1 |a торсионы 
610 1 |a материя 
610 1 |a атомы 
610 1 |a магнитные бури 
610 1 |a теории 
610 1 |a физика 
610 1 |a радиоэлектроника 
610 1 |a электротехника 
675 |a 530.145  |v 3 
700 1 |a Лучин  |b А. А.  |g Анатолий Андреевич 
701 1 |a Шапиро  |b А. Л.  |g Александр Львович 
801 1 |a RU  |b 63413507  |c 20100323 
801 2 |a RU  |b 63413507  |c 20150526  |g RCR 
942 |c BK 
959 |a 21/20100323  |d 2  |e 0  |f АНЛ:1  |f ЧЗТЛ:1